<?xml version="1.0" encoding="UTF-8"?>
<record
    xmlns:xsi="http://www.w3.org/2001/XMLSchema-instance"
    xsi:schemaLocation="http://www.loc.gov/MARC21/slim http://www.loc.gov/standards/marcxml/schema/MARC21slim.xsd"
    xmlns="http://www.loc.gov/MARC21/slim">

  <leader>01720nam a2200337Ia 4500</leader>
  <controlfield tag="003">OSt</controlfield>
  <controlfield tag="005">20200922175717.0</controlfield>
  <controlfield tag="008">191128s1999    ck pb  gr     000 0 spa d</controlfield>
  <datafield tag="020" ind1=" " ind2=" ">
    <subfield code="a">9586240452</subfield>
  </datafield>
  <datafield tag="040" ind1=" " ind2=" ">
    <subfield code="a">CO-JMCR</subfield>
    <subfield code="c">CO-JMCR</subfield>
  </datafield>
  <datafield tag="041" ind1="0" ind2=" ">
    <subfield code="a">spa</subfield>
  </datafield>
  <datafield tag="082" ind1="0" ind2="4">
    <subfield code="a">918.6109 /</subfield>
    <subfield code="b">M578d</subfield>
    <subfield code="2">23</subfield>
  </datafield>
  <datafield tag="100" ind1="1" ind2=" ">
    <subfield code="a">Mesclier, &#xC9;velyne, </subfield>
    <subfield code="e">autora</subfield>
    <subfield code="9">10684</subfield>
  </datafield>
  <datafield tag="245" ind1="1" ind2="0">
    <subfield code="a">Din&#xE1;micas socioecon&#xF3;micas en el espacio colombiano : </subfield>
    <subfield code="b">Crece - Dane -IRD / </subfield>
    <subfield code="c">&#xC9;velyne Mesclier, coordinadora cient&#xED;fica, Vincent Gou&#xEB;set, Jaime Eduardo Jaramillo Echeverri, Gustavo Adolfo Ochoa Villegas [y 2 m&#xE1;s]</subfield>
  </datafield>
  <datafield tag="260" ind1=" " ind2=" ">
    <subfield code="a">Bogot&#xE1; : </subfield>
    <subfield code="b">Crece : Dane : IRD, </subfield>
    <subfield code="c">1999</subfield>
  </datafield>
  <datafield tag="300" ind1=" " ind2=" ">
    <subfield code="a">147 p&#xE1;ginas : </subfield>
    <subfield code="b">mapas a color ; </subfield>
    <subfield code="c">30 cm.</subfield>
  </datafield>
  <datafield tag="504" ind1=" " ind2=" ">
    <subfield code="a">Bibliograf&#xED;a: p&#xE1;ginas 145-147</subfield>
  </datafield>
  <datafield tag="505" ind1="0" ind2=" ">
    <subfield code="a">La construcci&#xF3;n de un territorio -- Poblaci&#xF3;n y espacio -- Las din&#xE1;micas demogr&#xE1;ficas -- Mercado laboral y competitividad territorial -- Condiciones y calidad de vida de la poblaci&#xF3;n</subfield>
  </datafield>
  <datafield tag="520" ind1="3" ind2=" ">
    <subfield code="a">La observaci&#xF3;n de las din&#xE1;micas socioecon&#xF3;micas del espacio colombiano, arroja luces importantes para quienes buscan entender la realidad nacional y los que tienen el reto de intervenirla.</subfield>
  </datafield>
  <datafield tag="650" ind1="1" ind2="4">
    <subfield code="a">Geograf&#xED;a econ&#xF3;mica</subfield>
    <subfield code="z">Colombia</subfield>
    <subfield code="9">10675</subfield>
  </datafield>
  <datafield tag="650" ind1="1" ind2="4">
    <subfield code="a">Din&#xE1;mica de la poblaci&#xF3;n</subfield>
    <subfield code="z">Colombia</subfield>
    <subfield code="9">10685</subfield>
  </datafield>
  <datafield tag="650" ind1="1" ind2="4">
    <subfield code="a">Econom&#xED;a colombiana</subfield>
    <subfield code="9">10686</subfield>
  </datafield>
  <datafield tag="650" ind1="1" ind2="4">
    <subfield code="a">Desarrollo econ&#xF3;mico y social</subfield>
    <subfield code="z">Colombia</subfield>
    <subfield code="9">10687</subfield>
  </datafield>
  <datafield tag="650" ind1="1" ind2="4">
    <subfield code="a">Estad&#xED;sticas sociales</subfield>
    <subfield code="z">Colombia</subfield>
    <subfield code="9">10688</subfield>
  </datafield>
  <datafield tag="650" ind1="1" ind2="4">
    <subfield code="a">Estad&#xED;sticas econ&#xF3;micas</subfield>
    <subfield code="z">Colombia</subfield>
    <subfield code="9">10689</subfield>
  </datafield>
  <datafield tag="650" ind1="1" ind2="4">
    <subfield code="a">Desarrollo social</subfield>
    <subfield code="z">Colombia</subfield>
    <subfield code="9">7920</subfield>
  </datafield>
  <datafield tag="700" ind1="1" ind2=" ">
    <subfield code="a">Gou&#xEB;set, Vincent, </subfield>
    <subfield code="e">autor</subfield>
    <subfield code="9">10690</subfield>
  </datafield>
  <datafield tag="700" ind1="1" ind2=" ">
    <subfield code="a">Jaramillo Echeverri, Jaime Eduardo, </subfield>
    <subfield code="e">autor</subfield>
    <subfield code="9">10691</subfield>
  </datafield>
  <datafield tag="700" ind1="1" ind2=" ">
    <subfield code="a">Ochoa Villegas, Gustavo Adolfo, </subfield>
    <subfield code="e">autor</subfield>
    <subfield code="9">10692</subfield>
  </datafield>
  <datafield tag="942" ind1=" " ind2=" ">
    <subfield code="2">ddc</subfield>
    <subfield code="c">BK</subfield>
  </datafield>
  <datafield tag="999" ind1=" " ind2=" ">
    <subfield code="c">6230</subfield>
    <subfield code="d">6230</subfield>
  </datafield>
  <datafield tag="952" ind1=" " ind2=" ">
    <subfield code="0">0</subfield>
    <subfield code="1">0</subfield>
    <subfield code="2">ddc</subfield>
    <subfield code="4">0</subfield>
    <subfield code="7">0</subfield>
    <subfield code="8">NFIC</subfield>
    <subfield code="a">CPL</subfield>
    <subfield code="b">CPL</subfield>
    <subfield code="d">2018-04-15</subfield>
    <subfield code="e">Donaci&#xF3;n</subfield>
    <subfield code="l">1</subfield>
    <subfield code="o">918.6109 / M578d </subfield>
    <subfield code="p">430012241</subfield>
    <subfield code="r">2024-11-07 15:30:39</subfield>
    <subfield code="s">2024-11-06</subfield>
    <subfield code="t">Ej.1</subfield>
    <subfield code="y">BK</subfield>
  </datafield>
</record>
